| 000 | 02567nam0a2200385 4500 | ||
|---|---|---|---|
| 001 | RU\NLR\bibl\1989174 | ||
| 005 | 20260406181109.0 | ||
| 010 |
_a5-89977-037-6 _94000 |
||
| 035 | _a(NLR Aleph) 001977729 | ||
| 090 |
_a4045915 _c4045915 |
||
| 100 | _a20130121d2001 |||y0rusy50 ca | ||
| 101 | 0 | _arus | |
| 102 | _aRU | ||
| 105 | _aa ||||||||| | ||
| 200 | 1 |
_aЗащита прав призывника и военнослужащего, проходящего службу по призыву _e[практическое руководство _eосвобождение от призыва. Отсрочки. Остановка решения о призыве. Образцы заявлений и меры безопасности. Военная кафедра: за и против] _fОбществ. правозащит. орг. "Солдат. матери Санкт-Петербурга" _g[сост.: Виленская Е.Ю. и др. _gред.: А.С. Никаноров] |
|
| 205 | _a[Изд. 9-е] | ||
| 210 |
_aСанкт-Петербург _cТускарора _cОбщественная правозащитня организация "Солдатские матери Санкт-Петербурга" _d2001 |
||
| 215 |
_a176 _cил. _d21 |
||
| 601 | 0 | 1 |
_aРоссийская Федерация _bВооружённые силы _jПрактические пособия _xЛичный состав _xПравовая защита _92309817 _3RU\NLR\AUTH\6601608220 |
| 606 | 1 |
_aПризывники _jПрактические пособия _xСоциально-правовая защита _yРоссийская Федерация _92199937 _3RU\NLR\auth\661322026 |
|
| 606 | 1 |
_aПризыв на действительную военную службу _jПрактические пособия _xПравовые вопросы _yРоссийская Федерация _92128222 _3RU\NLR\auth\661284315 |
|
| 686 | _aХ620.33я7 | ||
| 686 | 1 | _aХ621.161я7 | |
| 686 | 1 | _aХ629.218.99 | |
| 686 | 1 | _aЦ4,6(2Р)231б4я7 | |
| 702 | 1 |
_aВиленская _bЕ. Ю. _gЕлена Юрьевна _4220 |
|
| 702 | 1 |
_aНиканоров _bА. С. _4340 |
|
| 712 | 0 | 2 |
_4570 _a"Солдатские матери Санкт-Петербурга", общественная правозащитная организация _3RU\NLR\AUTH\889945792 _9387027 |
| 801 | 0 |
_aRU _bNLR _c20130121 _gRCR |
|
| 801 | 1 |
_aRU _bNLR _c20130121 |
|
| 830 | _aпо эк | ||
| 942 | _cBOOK | ||
| 980 | _aNB | ||